[Event "Bad Kissingen Schachzauber 1st"]
[Site "Bad Kissingen"]
[Date "2018.01.18"]
[Round "7"]
[White "Teske, Henrik"]
[Black "Schnelzer, Reinhold"]
[Result "1-0"]
[WhiteElo "2483"]
[BlackElo "2189"]
[PlyCount "89"]
[EventDate "2018.01.13"]
[EventType "tourn"]
[EventRounds "9"]
[EventCountry "GER"]
[EventCategory "5"]
[SourceTitle "CBM 182 Extra"]
[Source "ChessBase"]
[SourceDate "2018.02.23"]
[SourceVersion "1"]
[SourceVersionDate "2018.02.23"]
[SourceQuality "1"]

1. e4 d5 2. exd5 Qxd5 3. Nf3 Bg4 4. Be2 Nc6 5. 0-0 0-0-0 6. h3 Bxf3 7. Bxf3 Qd7 8. c3 Ne5 9. d4 Nxf3+ 10. Qxf3 Nf6 11. Na3 Qd5 12. Qe2 e6 13. Nc4 Bd6 14. a4 g5 15. f4 Ne4 16. Nxd6+ Rxd6 17. fxg5 Rd7 18. Qb5 Rg8 19. Qxd5 exd5 20. Rf5 Rg6 21. Kh2 Rb6 22. h4 a5 23. Kh3 Kd8 24. Re5 Nf2+ 25. Kg3 Nd3 26. Re2 Re7 27. Rxe7 Kxe7 28. b4 axb4 29. cxb4 Rc6 30. Ba3 Rc4 31. Kg4 Rxd4+ 32. Kh5 Nf4+ 33. Kh6 Nxg2 34. h5 Rh4 35. Bc1 d4 36. a5 Kd7 37. b5 Kc8 38. Ra3 c5 39. bxc6 bxc6 40. Rf3 Rh1 41. Bd2 Rd1 42. Rf2 Ne3 43. Kxh7 Nc4 44. Bf4 Nxa5 45. h6 1-0

[Event "Elgoibar 27th"]
[Site "Elgoibar"]
[Date "2017.12.22"]
[Round "9"]
[White "Barrenechea Bahamonde, Gustavo"]
[Black "Teske, Henrik"]
[Result "0-1"]
[WhiteElo "2129"]
[BlackElo "2476"]
[PlyCount "34"]
[EventDate "2017.12.16"]
[EventType "tourn"]
[EventRounds "9"]
[EventCountry "ESP"]
[EventCategory "8"]
[SourceTitle "CBM 182 Extra"]
[Source "ChessBase"]
[SourceDate "2018.02.23"]
[SourceVersion "1"]
[SourceVersionDate "2018.02.23"]
[SourceQuality "1"]

1. e4 e5 2. d4 exd4 3. Qxd4 Nc6 4. Qe3 Nf6 5. Bd2 Nb4 6. Na3 a5 7. Bc4 Be7 8. 0-0-0 0-0 9. Bc3 c6 10. f3 b5 11. e5 bxc4 12. exf6 Nxa2+ 13. Kd2 Bxf6 14. Bxf6 Qxf6 15. c3 Rb8 16. Nxc4 Ba6 17. Na3 Rfe8 0-1

[Event "Elgoibar 27th"]
[Site "Elgoibar"]
[Date "2017.12.18"]
[Round "3"]
[White "Teske, Henrik"]
[Black "Gonzalez de la Torre, Santiago"]
[Result "1/2-1/2"]
[WhiteElo "2476"]
[BlackElo "2448"]
[PlyCount "140"]
[EventDate "2017.12.16"]
[EventType "tourn"]
[EventRounds "9"]
[EventCountry "ESP"]
[EventCategory "8"]
[SourceTitle "CBM 182 Extra"]
[Source "ChessBase"]
[SourceDate "2018.02.23"]
[SourceVersion "1"]
[SourceVersionDate "2018.02.23"]
[SourceQuality "1"]

1. c4 e5 2. Nc3 Nc6 3. g3 Bc5 4. Bg2 d6 5. e3 a6 6. Nge2 Ba7 7. d4 exd4 8. Nxd4 Nge7 9. 0-0 h5 10. Nd5 h4 11. Nxe7 Nxe7 12. b4 hxg3 13. hxg3 Bd7 14. c5 dxc5 15. bxc5 Bxc5 16. Bb2 Kf8 17. Rc1 Bd6 18. Qb3 c5 19. Ba3 b6 20. Nf3 Nc6 21. Rfd1 Rh6 22. Rd2 Qc7 23. Ng5 Be8 24. Rd5 Rc8 25. Rf5 Nd8 26. Rd1 b5 27. Ne4 b4 28. Bxb4 cxb4 29. Nxd6 Rxd6 30. Qxb4 Ke7 31. Re5+ Ne6 32. Red5 Rcd8 33. e4 f6 34. e5 fxe5 35. Rxe5 Kf6 36. Qh4+ g5 37. Qh8+ Ng7 38. Rde1 Rd1 39. Qh6+ Kf7 40. Qxg5 Rxe1+ 41. Rxe1 Qd6 42. Bf1 Bb5 43. Bxb5 axb5 44. Qxb5 Qf6 45. Re4 Ne6 46. Qh5+ Ke7 47. Kg2 Rh8 48. Qc5+ Kf7 49. Qc4 Ke7 50. Qc7+ Kf8 51. Qd6+ Kf7 52. Qd7+ Qe7 53. Qd5 Rh6 54. a4 Rf6 55. Qh5+ Kg8 56. Rg4+ Ng7 57. Qd5+ Kf8 58. a5 Qa7 59. Rd4 Ne6 60. Rd2 Rg6 61. Qe4 Qf7 62. Rd5 Rf6 63. f4 Qb7 64. Re5 Qb2+ 65. Qe2 Qc3 66. f5 Qc6+ 67. Qf3 Qc2+ 68. Qf2 Qc6+ 69. Qf3 Qc2+ 70. Qf2 Qc6+ 1/2-1/2

[Event "Elgoibar 27th"]
[Site "Elgoibar"]
[Date "2017.12.17"]
[Round "2"]
[White "Suarez Garcia, Carlos"]
[Black "Teske, Henrik"]
[Result "1/2-1/2"]
[WhiteElo "2472"]
[BlackElo "2476"]
[PlyCount "37"]
[EventDate "2017.12.16"]
[EventType "tourn"]
[EventRounds "9"]
[EventCountry "ESP"]
[EventCategory "8"]
[SourceTitle "CBM 182 Extra"]
[Source "ChessBase"]
[SourceDate "2018.02.23"]
[SourceVersion "1"]
[SourceVersionDate "2018.02.23"]
[SourceQuality "1"]

1. d4 Nf6 2. c4 e6 3. g3 d5 4. Nf3 Bb4+ 5. Bd2 Bd6 6. Bg2 c6 7. 0-0 Nbd7 8. Qc2 0-0 9. Bg5 h6 10. Bxf6 Nxf6 11. Nbd2 Rb8 12. e4 dxe4 13. Nxe4 Nxe4 14. Qxe4 c5 15. Rad1 Qc7 16. dxc5 Bxc5 17. Qe5 Qxe5 18. Nxe5 a5 19. b3 1/2-1/2

[Event "Oberliga Ost-B 1718"]
[Site "Germany"]
[Date "2017.12.10"]
[Round "4.1"]
[White "Teske, Henrik"]
[Black "Brueggemann, Ludger"]
[Result "1/2-1/2"]
[WhiteElo "2471"]
[BlackElo "2285"]
[PlyCount "38"]
[EventDate "2017.10.22"]
[EventType "team-tourn"]
[EventRounds "11"]
[EventCountry "GER"]
[SourceTitle "EXT 2019"]
[Source "ChessBase"]
[SourceDate "2018.10.10"]
[SourceVersion "1"]
[SourceVersionDate "2018.10.10"]
[SourceQuality "1"]
[WhiteTeam "Erfurt Empor"]
[BlackTeam "Frankfurt TV"]
[WhiteTeamCountry "GER"]
[BlackTeamCountry "GER"]

1. d4 Nf6 2. Nf3 g6 3. c4 Bg7 4. g3 0-0 5. Bg2 d6 6. 0-0 Nbd7 7. Nc3 e5 8. e4 c6 9. b3 exd4 10. Nxd4 Re8 11. Bb2 Nc5 12. Qc2 a5 13. Rfd1 Qe7 14. Rd2 g5 15. Rad1 Ng4 16. Re2 Ne5 17. h3 g4 18. hxg4 Bxg4 19. f3 Bd7 1/2-1/2

[Event "Oberliga Ost-B 1718"]
[Site "Germany"]
[Date "2017.10.22"]
[Round "1.1"]
[White "Teske, Henrik"]
[Black "Kuznecovs, Nikita"]
[Result "1-0"]
[WhiteElo "2471"]
[BlackElo "2130"]
[PlyCount "53"]
[EventDate "2017.10.22"]
[EventType "team-tourn"]
[EventRounds "11"]
[EventCountry "GER"]
[SourceTitle "EXT 2019"]
[Source "ChessBase"]
[SourceDate "2018.10.10"]
[SourceVersion "1"]
[SourceVersionDate "2018.10.10"]
[SourceQuality "1"]
[WhiteTeam "Erfurt Empor"]
[BlackTeam "Stadtilm Blau Weiss"]
[WhiteTeamCountry "GER"]
[BlackTeamCountry "GER"]

1. d4 e6 2. Nf3 Nf6 3. c4 c5 4. g3 cxd4 5. Nxd4 Qc7 6. Nc3 a6 7. Bg5 Qxc4 8. e4 Qb4 9. Bg2 Nc6 10. Nb3 Qb6 11. 0-0 Be7 12. Rc1 0-0 13. Qe2 d6 14. Rfd1 Bd7 15. Be3 Qd8 16. h3 b5 17. f4 Rc8 18. Kh2 Ne8 19. Qf2 Rb8 20. e5 d5 21. Bxd5 exd5 22. Nxd5 Rb7 23. Bb6 Qa8 24. Na5 Bd8 25. Nxb7 Qxb7 26. Bxd8 Nxd8 27. Qb6 1-0